000 01423nam a2200241Ia 4500
999 _c51589
_d51589
001 18580
003 GE_BSU
005 20250206172313.0
008 181216s2016||||ge |||||||||||||| ||geo||
020 _a7989941090219
040 _cGE_BSU
041 _ageo
080 _a821.353.1-82 ფ-54
245 _aფილოლოგიური მაცნე 3 /
_cრედ. რამაზ ხალვაში, ტომის რედ. ნანა ცეცხლაძე, სარედ.საბჭ: მამაი ფაღავა,მზია ხახუტაიშვილი,ინგა შამილიშვილი და სხვ.
264 _aთბილისი :
_bივერიონი,
_c2016.
300 _a220 გვ.:
_b20 სმ.
653 _aლიტერატურა,ფოლკლორი,ენათმეცნიერება,ჟურნალისტიკა, ფოლკლორული მასალები.
653 _aფილოლოგია
653 _aფილოლოგიური მაცნე 3
700 _aხალვაში, რამაზ
_924272
_eრედაქტორი და სხვ.
710 _aშოთა რუსთაველის სახელმწიფო უნ-ტი ქართული ფილილოგიის დეპარტამენტი
_924273
942 _cBK
_2udc